Nature photography : (Registro nro. 300)

Detalles MARC
000 -CABECERA
Campo de control 00807cam a2200253 a 4500
005 - FECHA Y HORA DE LA ULTIMA TRANSACCION
Campo de control 20160115094730.0
008 - ELEMENTOS DE LONGITUD FIJA—INFORMACION GENERAL
Campo de control 810331s1981 njua b 001 0 eng
020 ## - ISBN
ISBN 0136104282
020 ## - ISBN
ISBN 013610410X (pbk.)
040 ## - FUENTE DE CATALOGACIÓN
Agencia catalogadora original DLC
Agencia transcriptora DLC
Agencia Modificadora DLC
041 ## - IDIOMA
Código de idioma para texto/pista de sonido o título separado Inglés
044 ## - PAÍS DE PUBLICACIÓN
País de publicación Estados Unidos
082 04 - NUMERO DE CLASIFICACION DECIMAL DEWEY
Número de clasificación 778.9
Número del ítem O83n
100 1# - ASIENTO PRINCIPAL--NOMBRE PERSONAL
Nombre personal Osolinski, Stan.
9 (RLIN) 7235
245 10 - MENCION DE TITULO
Título Nature photography :
Parte restante del título a guide to better outdoor pictures /
Mención de responsabilidad Stan Osolinski.
260 ## - PUBLICACION, DISTRIBUCION, ETC. (PIE DE IMPRENTA)
Lugar de publicación, distribución, etc. Englewood Cliffs, N.J. :
Nombre del editor, distribuidor, etc. Prentice-Hall,
Fecha de publicación, distribución, etc. c1981.
300 ## - DESCRIPCION FISICA
Extensión xvi, 175 p. :
Otros detalles físicos ill. (some col.) ;
Dimensiones 29 cm.
490 0# - MENCION DE SERIE
Mención de serie PHalarope books
490 0# - MENCION DE SERIE
Mención de serie The Art & design series
504 ## - NOTA DE BIBLIOGRAFIA, ETC.
Nota de bibliografía Incluye referencias bibliográficas e índice.
650 14 - ASIENTO SECUNDARIO DE MATERIA - TERMINO TEMATICO
Término temático o nombre geográfico como elemento de entrada Fotografía de la naturaleza
9 (RLIN) 51471
650 24 - ASIENTO SECUNDARIO DE MATERIA - TERMINO TEMATICO
Término temático o nombre geográfico como elemento de entrada Fotografía de animales
9 (RLIN) 51472
942 ## - ELEMENTOS ADICIONALES (KOHA)
Sistema de clasificación Dewey Decimal Classification
Tipo de ítem Libro
Existencias
Withdrawn status Lost status Sistema de Clasificación Damaged status No para préstamo Colección Inventariado Ubicación Permanente Ubicación actual Fecha de adquisición Fuente de Valor Valor Total Checkouts Número topográfico Inventario / Código de Barras Date last seen Ejemplar Price effective from Forma de adquisición Tipo de material
    Dewey Decimal Classification     General Inventariado 2017 Bogotá Bogotá 29/12/1997 Instituto 39000.00   LB-778.9 O83n 000390 04/12/2012 Ej. 1 04/12/2012   Libro